The journal of the American Medical Association (Registro nro. 29512)

Detalles MARC
000 -CABECERA
Longitud fija campo de control 00918nai a22001937a 4500
003 - IDENTIFICADOR DELl NÚMERO DE CONTROL
Identificador del número de control OSt
005 - FECHA Y HORA DE LA ÚLTIMA TRANSACCIÓN
Fecha y hora de la última transacción 20180813112733.0
008 - CÓDIGOS DE INFORMACIÓN DE LONGITUD FIJA
Códigos de información de longitud fija 180608b xxu||||| |||| 00| 0 eng d
040 ## - FUENTE DE LA CATALOGACIÓN
Centro catalogador de origen BMC
Centro transcriptor BMC
082 ## - NÚMERO DE LA CLASIFICACIÓN DECIMAL DEWEY
Númeroo de clasificación 610
245 00 - MENCIÓN DE TÍTULO
Título The journal of the American Medical Association
Mención de responsabilidad, etc. Catherine D. DeAngelis, editor
260 ## - PUBLICACIÓN, DISTRIBUCIÓN, ETC. (PIE DE IMPRENTA)
Lugar de publicación, distribución, etc. Chicago
Nombre del editor, distribuidor, etc. American Medical Association
Fecha de publicación, distribución, etc. 2000
300 ## - DESCRIPCIÓN FÍSICA
Extensión [161-1094] p.
Dimensiones 30 cm
490 ## - MENCIÓN DE SERIE
Mención de serie JAMA
Designación de volumen o secuencia V. 283
505 ## - NOTA DE CONTENIDO CON FORMATO
Nota de contenido con formato Fundada en 1883 por la Asociación Médica Estadounidense, y se ha publicado continuamente desde entonces. JAMA publica artículos originales de investigación, revisiones, comentarios, editoriales, ensayos, noticias médicas, cartas al director y abstracts. Para 2014, el factor de impacto de JAMA fue de 35,289, uno de los valores más altos para revistas médicas.
650 24 - PUNTO DE ACCESO ADICIONAL DE MATERIA - TÉRMINO DE MATERIA
9 (RLIN) 4160
Término de materia o nombre geográfico como elemento inicial Ciencias biomédicas
700 1# - PUNTO DE ACCESO ADICIONAL - NOMBRE DE PERSONA
9 (RLIN) 42717
Nombre de persona DeAngelis, Catherine
942 ## - ENTRADA DE ELEMENTOS AGREGADOS (KOHA)
Fuente de clasificaión o esquema Dewey Decimal Classification
Koha [por defecto] tipo de item 2- Prensa y Revistas
Existencias
Suprimido Perdido Fuente de clasificación o esquema Estropeado Restricciones de uso No para préstamo Código de colección Localización permanente Localización actual Localización en estanter&íacute;as Fecha adquisición Fuente de adquisición Número de inventario Préstamos totales Signatura completa Código de barras Fecha última consulta Fecha último préstamo Fecha del precio de reemplazo Tipo de item de Koha
NULL NULL Dewey Decimal Classification NULL NULL NULL NULL Biblioteca Miguel de Cervantes - UNICAES Biblioteca Miguel de Cervantes - UNICAES Sala Principal 30/06/2008 Donación - Romeo Tovar Astorga 000021 1 MED-000021 (v.283-1) 1044340 17/05/2019 17/05/2019 16/06/2018 2- Prensa y Revistas